000 00481nam a2200169Ia 4500
003 GCL
008 140319s9999 xx 000 0 eng d
040 _aGCL /
_cGCL
082 0 4 _a956
_bE W
100 1 _aTHE ECONOMIC AND BUSINESS REPORT
245 1 0 _aTHE WORLD OF INFORMATION MIDDLE EAST /
_cTHE ECONOMIC AND BUSINESS REPORT
260 _a[S.N] :
_bTHE ECONOMIC AND BUSINESS ،
_c1995
300 _a160 P
650 0 4 _aMIDDLE EAST
650 0 4 _aARABIC WORLD
942 _2ddc
_cBK
999 _c24143
_d24143